00286pam a2200109 a 4500020001500000082001400015100001800029245003000047260003800077300003200115650002900147 a071672404900a363.7 BAI1 aBaird, Colin.10aEnvironmental chemistry / aNew York :bW.H. Freeman,cc1995. axix, 484 p. :bill., maps ; 0aEnvironmental chemistry.